000 003430000a22001450004500
005 20120302061534.0
942 _cBOOK
100 _a Sathe,Vinayak Vasudev
245 _a Upaasanaa Maargaateel Khaanaakhunaa:Bhag-3,4
260 _aRatnagiri:Pu.Ra.Gogage,1950.
300 _a73p.
040 _aMAR
650 _aDharma
650 _aUpaasanaa
999 _c354224
_d354221